Ship survey and audit companion (Record no. 12563)

000 -LEADER
fixed length control field 00348nam a22001337a 4500
008 - FIXED-LENGTH DATA ELEMENTS--GENERAL INFORMATION
fixed length control field 241202b 2000 ||||| |||| 00| 0 eng d
020 ## - INTERNATIONAL STANDARD BOOK NUMBER
International Standard Book Number 1870077547
082 ## - DEWEY DECIMAL CLASSIFICATION NUMBER
Classification number 657.45
Item number VER
100 ## - MAIN ENTRY--PERSONAL NAME
Personal name Vervloesem, Walter
245 ## - TITLE STATEMENT
Title Ship survey and audit companion
260 ## - PUBLICATION, DISTRIBUTION, ETC. (IMPRINT)
Place of publication, distribution, etc London
Name of publisher, distributor, etc The Nautical Institute
Date of publication, distribution, etc 2000
300 ## - PHYSICAL DESCRIPTION
Extent xii,260p.
942 ## - ADDED ENTRY ELEMENTS (KOHA)
Item type Books
Holdings
Withdrawn status Lost status Source of classification or shelving scheme Damaged status Not for loan Collection code Permanent location Current location Shelving location Date acquired Full call number Barcode Date last seen Koha item type Public note
          Non-fiction IMU-MPC Library IMU-MPC Library General Stacks 2024-12-02 657.45 VER LBS11306 2025-03-17 Books Column-2
Copyright © 2021 Indian Maritime University, Mumbai Port Campus. All Rights Reserved. Managed & Maintained by Central Library, IMU-Mumbai

webs counters

Powered by Koha